000 00591nam a2200193 i 4500
001 28110
003 ES-MaACL
005 20250612063102.0
007 t|
008 030116s1959 sp ||||1| spa d
100 0 _aBach, Anna Magdalena,
_d1701-1760
_924452
245 1 3 _aLa pequeña crónica /
_cde Anna Magdalena ; [Traducción de Carlos Guerendiain].
250 _a4ª ed.
260 _a[Barcelona] :
_bJuventud,
_c[1959]
300 _a174 p., 8 lám. ;
_c19 cm.
700 1 _aGuerendiain, Carlos.
_960456
852 _aES-MaACL
_jC-17500
_bR.44962
999 _c28110
_d28110